000 01857cam0 2200457 ib4500
001 BY-HR0002-br20251241574
005 20260324145235.0
010 ^a978-5-4471-7370-8
^bв переплете
035 ^a(BY-MI0000)BY-HR0002-br20251241574
035 ^a(BY-MI0001)BY-HR0002-br20251241574
100 ^a20250701d2021 ba y0rusy50 ca
101 1 ^arus
^ceng
102 ^aRU
105 ^aa z 000oy
109 ^ama
181 0 ^ai2
181 0 ^ab2
^b b2e
182 0 ^an
200 1 ^aБесценный дар
^eдля детей дошкольного возраста
^fредактор Вера Баталина
203 ^aТекст
^aИзображение
^bнеподвижное
^bдвухмерное
^cнепосредственные
210 ^aМосква
^cЛев
^d2021
215 ^a62, [2] c.
^cцв. ил.
^d22 см
225 1 ^aСерия "Мои любимые сказки"
225 1 ^aПринцесса Disney
333 ^a0+
345 ^940 000 экз.
606 ^aХУДОЖЕСТВЕННАЯ ЛИТЕРАТУРА
^3BY-NLB-ar37179
^2DVNLB
606 ^aАМЕРИКАНСКАЯ ЛИТЕРАТУРА
^3BY-NLB-ar2286
^2DVNLB
608 ^aДЕТСКАЯ И ЮНОШЕСКАЯ ЛИТЕРАТУРА (художеств. произведение)
^3BY-NLB-ar9019
^2BYGNR
608 ^aДЕТСКАЯ ЛИТЕРАТУРА (лит. произведение)
^2BYGNR
^3BY-NLB-ar9019
608 ^aСКАЗКА
^2BYGNR
^3BY-NLB-ar30342
686 ^a84(7Сое)-4
^2rubbk
690 ^a1
^2Base
^9BY-MI0000
^xRSEK
702 1 ^aБаталина
^bВ.
^gВера
^4340
801 0 ^aBY
^bBY-HR0002
^c20250701
^gRCR
801 2 ^aBY
^bBY-MI0001
^c20260225
^gRCR
801 2 ^aBY
^bBY-MI0000
^c20260316
^gRCR
899 0 ^aBY-MI0000
^iБ53
^h84(7Сое)